| 000 | 00405 a2200145 4500 | ||
|---|---|---|---|
| 005 | 20251015170846.0 | ||
| 008 | 251014b |||||||| |||| 00| 0 eng d | ||
| 020 | _a9780520062351 | ||
| 082 | _a720.93/MET | ||
| 100 | _aMetcalf T R | ||
| 245 | _aImperial Vision: Indian Architecture And Britain's Raj | ||
| 260 |
_bUniversity Of California Press _c1989 _a California |
||
| 300 |
_a301p _bHB |
||
| 942 | _cRF | ||
| 999 |
_c367986 _d367986 |
||